000 01060nam a2200241 a 4500
001 64374
003 BD-RjUL
005 20211209081311.0
008 170214s2008 bg ||||| |||| 00| 0 ben d
020 _c: IRs. 500.00
_a9843000005252
035 _a(BD-RjUL)64504
040 _aBD-RjUL
_bben
_cBD-RjUL
_dBD-RjUL
041 _aben
082 _223
_a891.44209
_bRAK 2008
100 _aরহমান, মো. মুস্তাফিজুর
_9126422
245 1 0 _aকবিরায়বিনোদ-প্রনীত 'পদ্মপুরাণ'-কাব্যে নাটকের উপদান /
_cমো. মুস্তাফিজুর রহমান
260 _aঢাকা :
_bবাংলা প্রকাশ
_c২০০৮
300 _a৩৩৪ পৃ. ;
_c২১ সেমি.
504 _aগ্রন্থপঞ্জি সংযুক্ত
650 _aবাংলা নাটক
_xইতিহাস ও সমালোচনা
_9126423
650 _aBengali Drama
_xHistory and Criticism
_9126424
942 _2ddc
_cBK
999 _c64374
_d64374